| 000 | 00499nam a2200181Ia 4500 | ||
|---|---|---|---|
| 001 | 8515 | ||
| 005 | 20260306160615.0 | ||
| 008 | 260306t2014||||xx |||||||||||||| ||spa|| | ||
| 041 | _aESP | ||
| 082 |
_a371.1 _bV64 |
||
| 100 |
_aVigón Ruffa, María de las Nieves _eAUT |
||
| 245 | 0 |
_aArte, diseño y comunicación en el jardín: _bideas para planificar proyectos y secuencias |
|
| 260 | _c2014 | ||
| 300 |
_a142 páginas : _c24 cm. |
||
| 650 | _aGEN | ||
| 654 | _aCED | ||
| 942 |
_cLIB _dJUS _fJUS _2ddc _n |
||
| 999 |
_c8515 _d8515 |
||